Primero Veinte Equipos de La Liga - Estadísticas

Estadísticas generales
  • Esta prueba ha sido intentada 97 veces
  • La puntuación promedio es 10 de 20
Estadísticas de respuestas
Hint Respuesta % Correcto
1929 Barcelona
96%
1929 Real Madrid
96%
1932 Valencia
88%
1935 Sevilla
82%
1929 Real Sociedad
73%
1929 Espanyol
64%
1929 Athletic Club
58%
1939 Zaragoza
53%
1934 Oviedo
50%
1929 Racing
50%
1931 Alavés
47%
1936 Osasuna
42%
1929 Atlético Madrid
40%
1933 Real Betis
40%
1929 Real Unión
36%
1929 Europa
32%
1941 Murcia
32%
1936 Hércules
27%
1929 Arenas Club
10%
1939 Celta Vigo
7%
No se encontraron pruebas coincidentes
Distribución de puntuación
Porcentaje de gente con cada puntuación
Porcentaje por número respondido
Historial de tus puntuaciones
No has intentado esta prueba.